Um mundo cheio de histórias de animais (Record no. 14908)

MARC details
000 -Etiqueta do registo
Valores 00840nam a2200265 4500
010 ## - Número ISBN
ISBN 9789898895677
021 ## - Número do Depósito Legal
Número 450010/18
100 ## - Dados gerais de processamento
Dados gerais 20191202d2019 c y0pory50030103ba
200 1# - Titulo e menção de responsabilidade
Título próprio Um mundo cheio de histórias de animais
Primeira menção de responsabilidade Angela Mcallister
Outras menções de responsabilidade il. Aitch
-- trad. Paula Caetano
205 ## - Menção da edição
Edição 1.ª ed
210 #9 - Publicação
Local de publicação Barcarena
Nome do editor Jacarandá,
Data de publicação 2019
215 ## - Descrição física 
Paginação / Volumes 127, [1] p.
Outras indicações físicas il.
Dimensões 29 cm
300 ## - Notas gerais 
Texto da nota PADES
304 ## - Nota relativa ao título
Texto de nota Tít. orig.: A World Full of Animal Stories
675 ## - CDU
Notação 087.5
Edição BN
Língua por
675 ## - CDU
Notação 821.111-93"19/20"
Edição BN
Língua por
675 ## - CDU
Notação 821.111-34"19/20"
Edição BN
Língua por
700 #1 - Autor principal (pessoa individual)
Apelido McAllister,
Nome Angela
702 #0 - Autor secundário (pessoa individual)
Apelido Aitch
702 #1 - Autor secundário (pessoa individual)
Apelido Caetano,
Nome Paula
801 #0 - Fonte de origem
País PT
Agência BN
Regras de catalogação RPC
856 41 - Localização e acesso electrónico 
URL <a href="http://rnod.bnportugal.gov.pt/ImagesBN/winlibimg.aspx?skey=&doc=2035306&img=133515&save=true">http://rnod.bnportugal.gov.pt/ImagesBN/winlibimg.aspx?skey=&doc=2035306&img=133515&save=true</a>
990 ## - Elementos KOHA
Tipo de documento Livro
Holdings
Situação do levantamento Estado Número Biblioteca de origem Código de barras Cota Permissão de empréstimo Tipo de documento Forma de aquisição
    BMA Biblioteca Municipal do Alandroal C15768/21 821.111-93 MCA   Livro Compra

Powered by Koha